Churches in India / (Record no. 65684)

MARC details
000 -LEADER
fixed length control field 00691cam a22002411a 4500
001 - CONTROL NUMBER
control field sa 65008299
003 - CONTROL NUMBER IDENTIFIER
control field DLC
005 - DATE AND TIME OF LATEST TRANSACTION
control field 20260227112155.0
008 - FIXED-LENGTH DATA ELEMENTS--GENERAL INFORMATION
fixed length control field 860929s1964 ii ac 000 0 eng
010 ## - LIBRARY OF CONGRESS CONTROL NUMBER
LC control number sa 65008299
035 ## - SYSTEM CONTROL NUMBER
System control number (OCoLC)14279565
040 ## - CATALOGING SOURCE
Original cataloging agency DLC
Transcribing agency KyWAT
Modifying agency DLC
042 ## - AUTHENTICATION CODE
Authentication code premarc
043 ## - GEOGRAPHIC AREA CODE
Geographic area code a-ii---
050 00 - LIBRARY OF CONGRESS CALL NUMBER
Classification number BR1155
Item number .T49
100 1# - MAIN ENTRY--PERSONAL NAME
Personal name Thomas, Paul,
Dates associated with a name 1910-
245 10 - TITLE STATEMENT
Title Churches in India /
Statement of responsibility, etc. by P. Thomas.
260 ## - PUBLICATION, DISTRIBUTION, ETC.
Place of publication, distribution, etc. Delhi :
Name of publisher, distributor, etc. Publications Division, Ministry of Information and Broadcasting,
Date of publication, distribution, etc. 1964.
300 ## - PHYSICAL DESCRIPTION
Extent 56 p. :
Other physical details ill. (1 col.) ;
Dimensions 24 cm.
504 ## - BIBLIOGRAPHY, ETC. NOTE
Bibliography, etc. note Bibliography: p. 56.
651 #0 - SUBJECT ADDED ENTRY--GEOGRAPHIC NAME
Geographic name India
General subdivision Church history.
650 #0 - SUBJECT ADDED ENTRY--TOPICAL TERM
Topical term or geographic name entry element Churches
Geographic subdivision India.

No items available.

Powered by Koha